[Event "BCF-ch U10"]
[Site "Hull"]
[Date "2024.07.29"]
[Round "2"]
[White "Keshari, Krish"]
[Black "Qin, Charlie"]
[Result "1-0"]
[WhiteElo "1602"]
[BlackElo "1416"]
[PlyCount "99"]
[EventDate "2024.07.28"]
[EventType "swiss"]
[EventRounds "7"]
[EventCountry "ENG"]
[SourceTitle "EXT 2025"]
[Source "ChessBase"]
[SourceDate "2024.10.14"]
[SourceVersion "1"]
[SourceVersionDate "2024.10.14"]
[SourceQuality "1"]

1. e4 e5 2. Nf3 Nc6 3. d4 exd4 4. Nxd4 Bc5 5. Be3 Qf6 6. c3 Nge7 7. Bc4 Ne5 8. Be2 Qg6 9. 0-0 d6 10. f3 0-0 11. Nd2 Bb6 12. Kh1 f5 13. a4 d5 14. a5 Bxd4 15. cxd4 N5c6 16. e5 f4 17. Bf2 Nf5 18. Nb3 Qh5 19. Kg1 Qg5 20. Qe1 h5 21. h4 Qh6 22. Bb5 Ng3 23. Bxg3 fxg3 24. f4 Rxf4 25. Qxg3 Rg4 26. Qf2 Be6 27. Bxc6 bxc6 28. Nc5 Qg6 29. Rac1 Kh7 30. Nxe6 Qxe6 31. Qc2+ Rg6 32. Rf5 Kg8 33. Rcf1 Rb8 34. Qf2 Qe7 35. Rxh5 Rf8 36. Qxf8+ Qxf8 37. Rxf8+ Kxf8 38. Rf5+ Ke7 39. Rf4 Ke6 40. Kf2 c5 41. dxc5 Kxe5 42. Rf7 d4 43. Rxc7 Ke4 44. c6 Kd3 45. Ke1 Kc2 46. Rd7 d3 47. c7 Rc6 48. b4 Rc3 49. b5 Kc1 50. b6 1-0

[Event "BCF-ch Major"]
[Site "Hull"]
[Date "2024.07.28"]
[Round "2"]
[White "Qin, Charlie"]
[Black "Britton, Richard"]
[Result "1/2-1/2"]
[WhiteElo "1416"]
[BlackElo "2112"]
[PlyCount "102"]
[EventDate "2024.07.27"]
[EventType "swiss"]
[EventRounds "9"]
[EventCountry "ENG"]
[SourceTitle "CBM 221 Extra"]
[Source "ChessBase"]
[SourceDate "2024.09.30"]
[SourceVersion "1"]
[SourceVersionDate "2024.09.30"]
[SourceQuality "1"]

1. e4 c5 2. Nf3 d6 3. Bc4 e6 4. c3 Nf6 5. d3 Be7 6. Be3 0-0 7. Bb3 Nc6 8. 0-0 Qc7 9. Nbd2 b6 10. Rc1 Ba6 11. Bc4 Bxc4 12. Nxc4 d5 13. exd5 exd5 14. Na3 Rad8 15. b3 Ng4 16. d4 Nxe3 17. fxe3 Qd7 18. Nc2 Bf6 19. Re1 Rfe8 20. Qd2 Re4 21. Rcd1 g6 22. dxc5 bxc5 23. c4 d4 24. Qd3 Qf5 25. Nd2 Re5 26. Qxf5 Rxf5 27. Ne4 Bg7 28. exd4 Nxd4 29. Ne3 Re5 30. Nd5 Kf8 31. Nxc5 Rxe1+ 32. Rxe1 Nf3+ 33. gxf3 Bd4+ 34. Kg2 Bxc5 35. b4 Bd6 36. a3 a5 37. c5 Bxc5 38. bxc5 Rxd5 39. Rc1 Ke7 40. Kf2 Rd3 41. c6 Kd8 42. a4 Rd4 43. Rb1 Kc7 44. Rb7+ Kxc6 45. Rxf7 Rxa4 46. Rxh7 Rd4 47. Ke3 Rd6 48. f4 a4 49. h4 Kb6 50. Rh8 Kb5 51. h5 a3 1/2-1/2

[Event "BCF-ch U10 rapid"]
[Site "Hull"]
[Date "2024.07.27"]
[Round "8"]
[White "Zhang, Junyi"]
[Black "Qin, Charlie"]
[Result "1-0"]
[WhiteElo "1865"]
[BlackElo "1425"]
[PlyCount "131"]
[EventDate "2024.07.26"]
[EventType "swiss (rapid)"]
[EventRounds "9"]
[EventCountry "ENG"]
[SourceTitle "CBM 221 Extra"]
[Source "ChessBase"]
[SourceDate "2024.09.30"]
[SourceVersion "1"]
[SourceVersionDate "2024.09.30"]
[SourceQuality "1"]

1. e4 e5 2. Nf3 Nc6 3. Bc4 Bc5 4. c3 Nf6 5. d4 exd4 6. e5 d5 7. Bb5 Nd7 8. cxd4 Bb4+ 9. Bd2 Bxd2+ 10. Qxd2 0-0 11. 0-0 Nb6 12. Bxc6 bxc6 13. Rc1 Bb7 14. b3 Re8 15. Nc3 f6 16. Ne2 Nd7 17. exf6 Nxf6 18. Ne5 Qd6 19. Nc3 a6 20. Na4 Ne4 21. Qd3 c5 22. Nf3 cxd4 23. Qxd4 c6 24. Nc5 Nxc5 25. Qxc5 Qxc5 26. Rxc5 Rac8 27. Kf1 Kf7 28. Re1 Rxe1+ 29. Kxe1 h6 30. Kd2 Ke6 31. b4 Kd6 32. Nd4 g6 33. Nb3 Rf8 34. f3 g5 35. Nd4 a5 36. Rxa5 Rf4 37. Nc2 Kc7 38. Rc5 Kb6 39. a3 Bc8 40. Ke3 d4+ 41. Nxd4 Bd7 42. g3 Rf8 43. f4 Re8+ 44. Kd3 g4 45. Re5 Ra8 46. Nc2 Be8 47. Re6 h5 48. Rd6 Kc7 49. Rf6 Rd8+ 50. Ke2 Rb8 51. a4 c5 52. bxc5 Bxa4 53. Nd4 Rb2+ 54. Ke3 Rxh2 55. Rf7+ Kd8 56. Ne6+ Ke8 57. Ra7 Bd7 58. Nd4 Rg2 59. c6 Bxc6 60. Nxc6 Rxg3+ 61. Ke4 h4 62. Rh7 h3 63. f5 Rf3 64. Ne5 Rg3 65. f6 Rg1 66. Rh8# 1-0

[Event "BCF-ch U10 rapid"]
[Site "Hull"]
[Date "2024.07.26"]
[Round "2"]
[White "Xiong, Yichen"]
[Black "Qin, Charlie"]
[Result "1-0"]
[WhiteElo "1543"]
[BlackElo "1425"]
[PlyCount "149"]
[EventDate "2024.07.26"]
[EventType "swiss (rapid)"]
[EventRounds "9"]
[EventCountry "ENG"]
[SourceTitle "CBM 221 Extra"]
[Source "ChessBase"]
[SourceDate "2024.09.30"]
[SourceVersion "1"]
[SourceVersionDate "2024.09.30"]
[SourceQuality "1"]

1. e4 e5 2. Nf3 Nc6 3. Bc4 Bc5 4. d3 d6 5. Nbd2 Nf6 6. c3 Bg4 7. Bb3 0-0 8. h3 Bh5 9. Bc2 d5 10. Qe2 d4 11. Nf1 dxc3 12. bxc3 h6 13. Ng3 Bg6 14. Nh4 Bh7 15. Ngf5 Ne7 16. 0-0 Nxf5 17. Nxf5 Re8 18. Ng3 Qd7 19. Be3 Ba3 20. Bc1 Bc5 21. Be3 Ba3 22. Rab1 b6 23. Bc1 Bxc1 24. Rfxc1 c5 25. Qd1 Qc7 26. Qe2 Rac8 27. c4 Rcd8 28. Nf1 Nd7 29. Ne3 Nf8 30. Nd5 Qb7 31. Qg4 Rd6 32. Re1 Rg6 33. Qf3 Ne6 34. Qe3 Nd4 35. Ba4 Rd8 36. Rf1 Qc8 37. Ne7+ Kh8 38. Nxc8 Rxc8 39. f4 Rg3 40. Qxg3 Ne2+ 41. Kf2 Nxg3 42. Kxg3 exf4+ 43. Rxf4 Rd8 44. Bc2 f6 45. Re1 Kg8 46. Rf3 Bg6 47. Rfe3 Kf7 48. e5 f5 49. e6+ Ke7 50. Ba4 Rf8 51. Kf2 Be8 52. Bxe8 Rxe8 53. Kf3 g5 54. Re5 f4 55. Rf5 Rd8 56. Rd5 Rc8 57. Rd7+ Ke8 58. Rxa7 Rd8 59. Rd7 Rxd7 60. exd7+ Kxd7 61. Ke4 Ke6 62. Kf3+ Kf5 63. Re8 h5 64. Rb8 g4+ 65. hxg4+ hxg4+ 66. Kf2 Ke5 67. Rxb6 Kd4 68. Rd6+ Kc3 69. Rd8 Kd2 70. a4 g3+ 71. Kf3 Ke1 72. Kxf4 Kf2 73. Rg8 Kxg2 74. Rxg3+ Kf2 75. a5 1-0

[Event "BCF-ch U10 blitz"]
[Site "Hull"]
[Date "2024.07.25"]
[Round "5"]
[White "Nguyen, Lam Vy Le"]
[Black "Qin, Charlie"]
[Result "1-0"]
[WhiteElo "1591"]
[BlackElo "1425"]
[PlyCount "37"]
[EventDate "2024.07.25"]
[EventType "swiss (blitz)"]
[EventRounds "9"]
[EventCountry "ENG"]
[SourceTitle "CBM 221 Extra"]
[Source "ChessBase"]
[SourceDate "2024.09.30"]
[SourceVersion "1"]
[SourceVersionDate "2024.09.30"]
[SourceQuality "1"]

1. e4 e5 2. Nf3 Nc6 3. Bc4 Bc5 4. c3 Nf6 5. d3 h6 6. Nbd2 d6 7. a4 a5 8. Nf1 Bg4 9. Ng3 0-0 10. h3 Bxf3 11. Qxf3 Ne7 12. 0-0 Ng6 13. Nf5 c6 14. Bb3 Qb6 15. Bc2 d5 16. Nxh6+ gxh6 17. Qxf6 dxe4 18. Bxh6 Rfe8 19. Qg7# 1-0

[Event "BCF-ch U10 blitz"]
[Site "Hull"]
[Date "2024.07.25"]
[Round "7"]
[White "Qin, Charlie"]
[Black "Katukuri, Aarav"]
[Result "0-1"]
[WhiteElo "1425"]
[BlackElo "1537"]
[PlyCount "70"]
[EventDate "2024.07.25"]
[EventType "swiss (blitz)"]
[EventRounds "9"]
[EventCountry "ENG"]
[SourceTitle "CBM 221 Extra"]
[Source "ChessBase"]
[SourceDate "2024.09.30"]
[SourceVersion "1"]
[SourceVersionDate "2024.09.30"]
[SourceQuality "1"]

1. e4 c5 2. Nf3 a6 3. d4 cxd4 4. Nxd4 Nf6 5. Nc3 e5 6. Nb3 Bb4 7. Bd2 0-0 8. Bd3 d5 9. exd5 Nxd5 10. Nxd5 Qxd5 11. Bxb4 Qxg2 12. Bxf8 Qxh1+ 13. Kd2 Qxd1+ 14. Rxd1 Kxf8 15. Bxh7 g6 16. Kc1 Nd7 17. Na5 Kg7 18. Nxb7 Kxh7 19. Nd6 Kg7 20. Nxc8 Nf6 21. Nb6 Rh8 22. Rh1 Ng4 23. f3 Nxh2 24. c4 Nxf3 25. Rxh8 Kxh8 26. Nd7 e4 27. c5 Nd4 28. Kd2 f5 29. Ne5 Kg7 30. Ke3 Nb5 31. c6 Kf6 32. a4 Kxe5 33. axb5 Kd6 34. c7 Kxc7 35. bxa6 Kb6 0-1

[Event "BCF-ch U10 blitz"]
[Site "Hull"]
[Date "2024.07.25"]
[Round "4"]
[White "Qin, Charlie"]
[Black "Prabhakaran, Anvikkashri"]
[Result "1-0"]
[WhiteElo "1425"]
[BlackElo "1620"]
[PlyCount "115"]
[EventDate "2024.07.25"]
[EventType "swiss (blitz)"]
[EventRounds "9"]
[EventCountry "ENG"]
[SourceTitle "CBM 221 Extra"]
[Source "ChessBase"]
[SourceDate "2024.09.30"]
[SourceVersion "1"]
[SourceVersionDate "2024.09.30"]
[SourceQuality "1"]

1. e4 e6 2. d4 d5 3. exd5 exd5 4. Bd3 Nf6 5. Nf3 Nc6 6. Bg5 Be7 7. 0-0 Bg4 8. h3 Bh5 9. Re1 0-0 10. Bb5 h6 11. Bxc6 bxc6 12. Bf4 Bb4 13. c3 Bd6 14. Be5 Bxe5 15. Rxe5 Re8 16. Nbd2 Rxe5 17. dxe5 Ne4 18. Nxe4 dxe4 19. Qxd8+ Rxd8 20. Nd4 c5 21. Nc6 Ra8 22. Re1 Bg6 23. Ne7+ Kh7 24. Nxg6 Kxg6 25. Rxe4 Kf5 26. Rc4 Kxe5 27. Rxc5+ Kd6 28. Rc4 Rb8 29. b3 Rb5 30. b4 c5 31. a3 cxb4 32. cxb4 Rb6 33. Kf1 Rc6 34. Rd4+ Kc7 35. Ke2 Rd6 36. Rxd6 Kxd6 37. Kd3 Kc6 38. Kc4 Kb6 39. a4 a6 40. f4 f5 41. g4 fxg4 42. hxg4 g6 43. f5 h5 44. fxg6 h4 45. g7 h3 46. g8Q h2 47. Qe6+ Kc7 48. Qh6 Kb7 49. Qxh2 Ka7 50. Qh7+ Kb6 51. a5+ Kc6 52. Qg6+ Kd7 53. Qf7+ Kc6 54. Qd5+ Kc7 55. Kc5 Kc8 56. Qf7 Kd8 57. Kc6 Kc8 58. Qe8# 1-0